| 000 | 00671nam a2200193 i 4500 | ||
|---|---|---|---|
| 001 | 170816 | ||
| 003 | ES-MaACL | ||
| 005 | 20230906214452.0 | ||
| 008 | 090407s1900 fr |||| | fre d | ||
| 080 | _a78.089.1 | ||
| 100 | 1 |
_aBoucheron, Maxime. _9139752 |
|
| 245 | 1 | 0 |
_aMiss Helyett _b: opérette en trois actes / _cMaxime Boucheron ; musique de Edmond Audran. |
| 250 | _a11e éd. | ||
| 260 |
_aParis : _bLibrairie Théâtrale, Artistique & Littéraire, _c[1900?] |
||
| 300 |
_a139 p. ; _c19 cm. |
||
| 650 | 4 |
_aOperetas- _vLibretos. _9139352 |
|
| 700 | 1 |
_aAudran, Edmond. _9138044 |
|
| 852 | 4 |
_aES-MaACL _jE-12549 _9R.140148 _z. - Biblioteca Jacinto Martínez Lacalle |
|
| 999 |
_c170816 _d170816 |
||